[Event "Ch \"]
[Site "masterchessopen.com – URS"]
[Round "0"]
[White "Arseniev Vladimir V (RUS)"]
[Black "Doroshkievich Vladimir K (RUS)"]
[Result "1-0"]
[WhiteElo "2350"]
[BlackElo "2420"]

1.e4 e6 2.d4 d5 3.Nd2 Nc6 4.c3 dxe4 5.Nxe4 Qd5 6.Nd2 e5 7.Ngf3 exd4 8.Bc4 Qf5
9.cxd4 Be6 10.O-O O-O-O 11.Qa4 Nge7 12.Bxe6+ Qxe6 13.Nc4 Nxd4 14.Nxd4 Rxd4
15.b3 a6 16.Bb2 Rd8 17.Rfe1 Qd5 18.Ne5 Rg8 19.b4 Qe6 20.b5 Qb6 21.Rad1 Rxd1
22.Rxd1 Ng6 23.Qg4+ Qe6 24.Nxf7 {#r} 1-0

[Event "?"]
[Site "masterchessopen.com – Belgrade (Yugoslavia)"]
[Round "0"]
[White "Joksic Sinisa (SRB)"]
[Black "Rakic Tomislav (SRB)"]
[Result "1-0"]
[WhiteElo "2251"]
[BlackElo "2332"]

1.e4 e6 2.d4 d5 3.Nd2 b6 4.Ngf3 dxe4 5.Nxe4 Bb7 6.Bd3 Nf6 7.Qe2 Nbd7 8.O-O Be7
9.Neg5 h6 10.Nxe6 fxe6 11.Bg6+ Kf8 12.c4 Bd6 13.Qxe6 Qe7 14.Qh3 Qe2 15.Re1
Qxc4 16.Ne5 Qd5 17.Bf4 Rd8 18.Nf7 Bxf4 19.Nxd8 Nc5 20.dxc5 Qxd8 21.Rad1 Bd5
22.Rxd5 Nxd5 23.Qe6 {#r} 1-0

[Event "Olympiad"]
[Site "masterchessopen.com – Habana (Cuba)"]
[Round "0"]
[White "Matanovic Aleksandar (SRB)"]
[Black "Brinck-Claussen Bjorn (DEN)"]
[Result "1-0"]
[WhiteElo "2490"]
[BlackElo "2263"]

1.e4 e6 2.d4 d5 3.Nd2 Nc6 4.Ngf3 Nh6 5.c3 f5 6.exf5 exf5 7.Be2 Nf7 8.O-O Be7
9.c4 O-O 10.cxd5 Qxd5 11.Bc4 Qd6 12.Bb3 Na5 13.Nc4 Nxc4 14.Bxc4 Kh8 15.Qb3 Nd8
16.Re1 Nc6 17.Bd2 Bf6 18.Bc3 a5 19.Ne5 Nxd4 20.Bxd4 Qxd4 21.Nf7+ Kg8 22.Rad1
Qc5 23.Ne5+ Kh8 24.Ng6+ {#r} 1-0

[Event "It"]
[Site "masterchessopen.com – Stockholm (Sweden)"]
[Round "7"]
[White "Kinnmark Ove (SWE)"]
[Black "Ek Hans (SWE)"]
[Result "1-0"]
[WhiteElo "2279"]
[BlackElo "2325"]

1.e4 e6 2.d4 d5 3.Nd2 Nc6 4.c3 e5 5.exd5 Qxd5 6.Ngf3 Bg4 7.Bc4 Qd7 8.dxe5
O-O-O 9.Qa4 Bc5 10.b4 Bb6 11.Qb3 Nh6 12.O-O Rhe8 13.a4 Nxe5 14.Nxe5 Rxe5 15.a5
Bh3 16.axb6 Qg4 17.g3 Rxd2 18.bxa7 Qf3 19.a8=Q+ Kd7 20.Qba4+ Ke7 21.Q4e8+ Kf6
22.Ra6+ Re6 23.Qad8+ {#r} 1-0

[Event "Ch Europe (juniors)"]
[Site "masterchessopen.com – Groningen (Netherlands)"]
[Round "8"]
[White "Schaufelberger Heinz (SUI)"]
[Black "Turunen Erkki O (FIN)"]
[Result "1-0"]
[WhiteElo "2312"]
[BlackElo "2245"]

1.e4 e6 2.d4 d5 3.Nd2 Ne7 4.Ngf3 g6 5.h4 h5 6.Bd3 Bg7 7.c3 Nd7 8.e5 c5 9.dxc5
Nc6 10.Bb5 Nxc5 11.Nb3 Nd7 12.Bf4 Qc7 13.Qe2 a6 14.Bxc6 bxc6 15.c4 dxc4
16.Nbd2 c3 17.bxc3 Nb6 18.c4 Nd7 19.Ne4 Nxe5 20.Nxe5 Bxe5 21.Nf6+ Bxf6 22.Bxc7
Bxa1 23.O-O Bg7 24.Bd6 {#r} 1-0

[Event "Zt"]
[Site "masterchessopen.com – Quito (Ecuador)"]
[Round "0"]
[White "Idrovo Franklin (ECU)"]
[Black "Hook W (IVB)"]
[Result "0-1"]
[WhiteElo "2225"]
[BlackElo "2009"]

1.e4 e6 2.d4 d5 3.Nd2 Nc6 4.c3 e5 5.Bb5 exd4 6.Qe2 Be7 7.cxd4 Bd7 8.Ngf3 dxe4
9.Nxe4 Bb4+ 10.Kf1 Nge7 11.a3 Bd6 12.Nxd6+ cxd6 13.Bf4 Be6 14.Ng5 Bd5 15.Ne4
O-O 16.Bxc6 Nxc6 17.Nxd6 Qf6 18.Bg3 Rad8 19.Nb5 Rfe8 20.Qc2 Be4 21.Qc3 Qg6
22.Rd1 Qh5 23.Qb3 Bd5 24.Qd3 Bc4 {#R} 0-1

[Event "Ch Pan-American"]
[Site "masterchessopen.com – Habana (Cuba)"]
[Round "0"]
[White "Villarroel Geber (VEN)"]
[Black "Li Chen"]
[Result "1-0"]
[WhiteElo "2290"]
[BlackElo "2270"]

1.e4 e6 2.d4 d5 3.Nd2 Be7 4.Ngf3 dxe4 5.Nxe4 Nf6 6.Bd3 Nc6 7.c3 h6 8.O-O Bd7
9.Qe2 Qc8 10.Re1 Nxe4 11.Bxe4 Nd8 12.Ne5 Bf6 13.Bf4 Bxe5 14.Bxe5 O-O 15.Bxg7
Kxg7 16.Qg4+ Kf6 17.Qh4+ Kg7 18.Re3 f5 19.Rg3+ Kh7 20.Re1 e5 21.Qg4 Ne6
22.Qg6+ {#r} 1-0

[Event "Ch Czechoslovakia"]
[Site "masterchessopen.com – Havirov (Czech Republic)"]
[Round "0"]
[White "Pribyl Josef (CZE)"]
[Black "Fichtl Jiri (CZE)"]
[Result "1-0"]
[WhiteElo "2305"]
[BlackElo "2213"]

1.e4 e6 2.d4 d5 3.Nd2 Ne7 4.c3 dxe4 5.Nxe4 e5 6.dxe5 Qxd1+ 7.Kxd1 Nbc6 8.f4
Bf5 9.Ng3 O-O-O+ 10.Ke1 g5 11.Nxf5 Nxf5 12.Nf3 gxf4 13.Bxf4 Bc5 14.g3 Nfe7
15.Ng5 Rdf8 16.Bc4 Ng6 17.Nxf7 Ncxe5 18.Be6+ Kb8 19.Nxe5 {#r} 1-0

[Event "It"]
[Site "masterchessopen.com – La Serena (Chile)"]
[Round "3"]
[White "Letelier Rene (CHI)"]
[Black "Jauregui Carlos (CAN)"]
[Result "1-0"]
[WhiteElo "2151"]
[BlackElo "2260"]

1.e4 e6 2.d4 d5 3.Nd2 Nc6 4.Ngf3 f5 5.exf5 exf5 6.Bb5 a6 7.Bxc6+ bxc6 8.O-O
Bd6 9.Ne5 Bxe5 10.Qh5+ Kf8 11.dxe5 Nh6 12.Nb3 Nf7 13.Nd4 Nxe5 14.Bg5 Qd7
15.Rfe1 Ng6 16.Re3 c5 17.Nxf5 d4 18.Rf3 Ne5 19.Nh6+ Nxf3+ 20.Qxf3+ {#r} 1-0

[Event "Ch Yugoslavia"]
[Site "masterchessopen.com – Yugoslavia"]
[Round "16"]
[White "Nemet Ivan (SUI)"]
[Black "Planinec Albin (SLO)"]
[Result "1-0"]
[WhiteElo "2348"]
[BlackElo "2520"]

1.e4 e6 2.d4 d5 3.Nd2 Ne7 4.Ngf3 Nd7 5.Bd3 g6 6.h4 Bg7 7.e5 c5 8.c3 Nc6 9.Qe2
Qb6 10.h5 cxd4 11.cxd4 Nxd4 12.Nxd4 Qxd4 13.Nf3 Qb6 14.Be3 Qa5+ 15.Kf1 O-O
16.hxg6 hxg6 17.Rc1 Qxa2 18.Bh6 Bh8 19.Qd2 b6 20.Bb1 Qa6+ 21.Kg1 Re8 22.Qg5 b5
23.Bxg6 f6 24.Qg4 Re7 25.Bh7+ {#r} 1-0

[Event "It (open) (juniors)"]
[Site "masterchessopen.com – Hallsberg (Sweden)"]
[Date "1973.01.01"]
[Round "7"]
[White "Rorvall Goran (SWE)"]
[Black "Ivarsson Stefan (SWE)"]
[Result "0-1"]
[WhiteElo "2242"]
[BlackElo "2386"]

1.e4 e6 2.d4 d5 3.Nd2 Nc6 4.c3 Nf6 5.e5 Nd7 6.Bd3 f6 7.Qh5+ Ke7 8.Ndf3 Qe8
9.Qh4 Kd8 10.exf6 Nxf6 11.Ne5 Rg8 12.Ngf3 Bd7 13.Bxh7 Rh8 14.Ng5 Kc8 15.Nxd7
Kxd7 16.Qh3 Nxh7 17.Nxh7 Be7 {#R} 0-1

[Event "Ch Czechoslovakia (students)"]
[Site "masterchessopen.com – Hrazany (Czech Republic)"]
[Round "8"]
[White "Janak Jaroslav (CZE)"]
[Black "Axamit Robert (CZE)"]
[Result "0-1"]
[WhiteElo "2295"]
[BlackElo "2184"]

1.e4 e6 2.d4 d5 3.Nd2 Nc6 4.c3 e5 5.exd5 Qxd5 6.Ngf3 exd4 7.Bc4 Qh5 8.O-O Nf6
9.Qe1+ Be7 10.Nxd4 O-O 11.Nxc6 Bd6 12.f4 bxc6 13.Ne4 Ng4 14.Qg3 Bc5+ 15.Kh1
Re8 16.Bd3 Rxe4 {#R} 0-1

[Event "It (a)"]
[Site "masterchessopen.com – Wijk aan Zee (Netherlands)"]
[Round "0"]
[White "Radulov Ivan (BUL)"]
[Black "Forintos Gyozo V (HUN)"]
[Result "1-0"]
[WhiteElo "2490"]
[BlackElo "2490"]

1.e4 e6 2.d4 d5 3.Nd2 b6 4.Ngf3 Nf6 5.exd5 exd5 6.Ne5 Bd6 7.Bb5+ Nfd7 8.O-O
O-O 9.Ndf3 Bb7 10.Re1 c5 11.c3 Qc7 12.Bd3 Nf6 13.Nh4 Nc6 14.Nxc6 Bxc6 15.Nf5
Bxh2+ 16.Kh1 Bd6 17.Bg5 Qd8 18.Qf3 Re8 19.Rxe8+ Bxe8 20.Re1 Bf8 21.Nh6+ Kh8
22.Ng4 Be7 23.Nxf6 Bd7 24.Nxd7 {#r} 1-0

[Event "It"]
[Site "masterchessopen.com – Beer-Sheva (Israel)"]
[Round "10"]
[White "Tatai Stefano (ITA)"]
[Black "Czerniak Moshe (ISR)"]
[Result "1-0"]
[WhiteElo "2465"]
[BlackElo "2385"]

1.e4 e6 2.d4 d5 3.Nd2 g6 4.Ngf3 Bg7 5.c3 c5 6.exd5 cxd4 7.Bb5+ Kf8 8.O-O dxc3
9.bxc3 Bxc3 10.Ba3+ Kg7 11.Rc1 Bxd2 12.Qxd2 a6 13.Bb2+ f6 14.Ba4 exd5 15.Qf4
Bf5 16.Rc7+ Nd7 17.Bxd7 {#r} 1-0

[Event "Ch Belarus"]
[Site "masterchessopen.com – Minsk (Belarus)"]
[Round "0"]
[White "Kapengut Albert Z (BLR)"]
[Black "Maryasin Boris (ISR)"]
[Result "1-0"]
[WhiteElo "2402"]
[BlackElo "2318"]

1.e4 e6 2.d4 d5 3.Nd2 b6 4.c3 a5 5.Ngf3 Nf6 6.e5 Nfd7 7.h4 Be7 8.Bd3 Ba6 9.Nf1
Bxd3 10.Qxd3 Qc8 11.Ng5 Qa6 12.Qf3 O-O 13.Rh3 b5 14.Qd3 f5 15.exf6 Nxf6 16.Re3
Bd6 17.Rxe6 Nbd7 18.Ne3 h6 19.Qg6 {#r} 1-0

[Event "Ch Argentina (juniors) (under 20)"]
[Site "masterchessopen.com – Tucuman (Argentina)"]
[Round "7"]
[White "Gorisnic Eduardo (ARG)"]
[Black "Negri Sergio (ARG)"]
[Result "0-1"]
[WhiteElo "2227"]
[BlackElo "2311"]

1.e4 e6 2.d4 d5 3.Nd2 Nc6 4.c3 e5 5.dxe5 dxe4 6.Qa4 Qd5 7.f4 exf3 8.Ngxf3 Bf5
9.Bc4 Qd7 10.O-O Nxe5 11.Nxe5 Qxa4 12.Bxf7+ Kd8 13.Rxf5 Nh6 14.Bb3 Qe8 15.Rg5
Bc5+ 16.Kh1 Be3 17.Rg3 Bf4 18.Rd3+ Kc8 19.Nef3 Ng4 20.Rd4 Nf2+ 21.Kg1 Be3 {#R}
0-1

[Event "Ch Cuba"]
[Site "masterchessopen.com – Habana (Cuba)"]
[Round "0"]
[White "Garcia Martinez Silvino (CUB)"]
[Black "Garcia Gonzales Guillermo (CUB)"]
[Result "1-0"]
[WhiteElo "2435"]
[BlackElo "2535"]

1.e4 e6 2.d4 d5 3.Nd2 Ne7 4.Ngf3 Ng6 5.h4 h5 6.g3 c5 7.Bg2 Nc6 8.exd5 Qxd5
9.O-O Nxd4 10.Nxd4 Qxd4 11.Qe2 Be7 12.Ne4 Bd7 13.Rd1 Qb4 14.Bg5 Bc6 15.Bxe7
Kxe7 16.Qe3 Rhc8 17.Nd6 Rc7 18.c3 Qa5 19.Nc4 Qb5 20.Qg5+ Kf8 21.Rd8+ Rxd8
22.Qxd8+ Be8 23.Qxc7 Qxc4 24.Qxb7 Qe2 {#r} 1-0

[Event "Ch URS (w)"]
[Site "masterchessopen.com – Nikolaev (Ukraine)"]
[Round "0"]
[White "Tsereteli Mzia (GEO)"]
[Black "Sternina Vera E (RUS)"]
[Result "1-0"]
[WhiteElo "2190"]
[BlackElo "2135"]

1.e4 e6 2.d4 d5 3.Nd2 b6 4.Ngf3 Bb7 5.Bd3 Nf6 6.Qe2 Be7 7.O-O h6 8.c3 dxe4
9.Nxe4 Nbd7 10.Re1 O-O 11.Ng3 Re8 12.Ne5 Bf8 13.Bb1 c5 14.Qc2 cxd4 15.Nh5 g6
16.Nxg6 Ne4 17.Rxe4 d3 18.Qxd3 Nc5 19.Rg4 f5 20.Ne5+ {#r} 1-0

[Event "It"]
[Site "masterchessopen.com – Graz (Austria)"]
[Round "5"]
[White "Zaitsev Igor A (RUS)"]
[Black "Dueckstein Andreas (AUT)"]
[Result "1-0"]
[WhiteElo "2505"]
[BlackElo "2221"]

1.e4 e6 2.d4 d5 3.Nd2 Nc6 4.Ngf3 Nh6 5.c3 f5 6.exd5 exd5 7.Bb5 Nf7 8.Ne5 Nxe5
9.dxe5 Be7 10.Qh5+ g6 11.Qh6 Bf8 12.Qe3 Qe7 13.Nf3 Bd7 14.Qe2 h6 15.e6 Bxe6
16.Ne5 Bd7 17.Nxg6 Qxe2+ 18.Bxe2 Rh7 19.Nxf8 Kxf8 20.Bf4 Re8 21.Bxc7 Ne5
22.Bd6+ Kg8 23.Bxe5 Rxe5 24.Kd2 {#r} 1-0

[Event "Ch Greece"]
[Site "masterchessopen.com – Greece"]
[Round "12"]
[White "Balaskas Panayotis (GRE)"]
[Black "Alexopoulos Georgios (GRE)"]
[Result "1-0"]
[WhiteElo "2090"]
[BlackElo "2249"]

1.e4 e6 2.d4 d5 3.Nd2 Nc6 4.c3 e5 5.exd5 Qxd5 6.Ngf3 exd4 7.Bc4 Qf5 8.O-O Be6
9.Qa4 dxc3 10.Bxe6 fxe6 11.bxc3 Bc5 12.Nb3 Bd6 13.Nbd4 Qd5 14.Nxe6 Nf6
15.Nxg7+ Kf7 16.Bh6 Rhg8 17.Rad1 Qa5 18.Qc4+ Kg6 19.Nh4+ Kxh6 20.Ngf5+ Kh5
21.Qf7+ Rg6 22.Nxg6 hxg6 23.Nxd6 {#r} 1-0

[Event "It (a)"]
[Site "masterchessopen.com – Pellestrina (Italy)"]
[Round "1"]
[White "Paniagua Roberto (PAN)"]
[Black "Boehm Martin (GER)"]
[Result "0-1"]
[WhiteElo "2249"]
[BlackElo "2270"]

1.e4 e6 2.d4 d5 3.Nd2 Be7 4.c3 Nc6 5.Ngf3 Nf6 6.e5 Nd7 7.Bd3 f5 8.exf6 Nxf6
9.O-O O-O 10.Ne5 Qe8 11.Ndf3 Qh5 12.Qc2 Bd6 13.Re1 Bd7 14.Bf4 Ng4 15.Bg3 Ncxe5
16.dxe5 Bc5 17.Re2 Rf7 18.b4 Bb6 19.h3 Rxf3 20.gxf3 Qxh3 21.fxg4 Qxg3+ 22.Kf1
Rf8 23.Rd1 Ba4 24.Bxh7+ Kh8 25.Rd3 Qh2 {#R} 0-1

[Event "It (open)"]
[Site "masterchessopen.com – Biel (Switzerland)"]
[Round "1"]
[White "Sharif Mehrshad (FRA)"]
[Black "Czerniak Moshe (ISR)"]
[Result "0-1"]
[WhiteElo "2462"]
[BlackElo "2385"]

1.e4 e6 2.d4 d5 3.Nd2 g6 4.Ngf3 Bg7 5.Bd3 Nf6 6.O-O O-O 7.c3 b6 8.Qe2 c5 9.e5
Nfd7 10.Re1 Nc6 11.a3 Bb7 12.Nf1 f6 13.exf6 Qxf6 14.Bg5 Qf7 15.Bb5 Rae8 16.Qd2
e5 17.dxe5 Ndxe5 18.Nxe5 Rxe5 19.Rxe5 Nxe5 20.Bh4 d4 21.cxd4 cxd4 22.f4 Qxf4
23.Qxf4 Rxf4 24.Bg3 Rf5 25.Rd1 Nf3+ {#R} 0-1

[Event "Ch Ireland"]
[Site "masterchessopen.com – Dublin (Ireland)"]
[Date "1979.07.08"]
[Round "2"]
[White "Delaney Paul (IRL)"]
[Black "Clarke Thomas (IRL)"]
[Result "1-0"]
[WhiteElo "2289"]
[BlackElo "2137"]

1.e4 e6 2.d4 d5 3.Nd2 f5 4.exf5 exf5 5.Ndf3 Nf6 6.Bg5 Be7 7.Bd3 O-O 8.Ne2 Ne4
9.Bxe7 Qxe7 10.O-O Nd7 11.c4 c6 12.cxd5 cxd5 13.Qb3 Nb6 14.Rfe1 Qd6 15.Ne5 Qh6
16.Nc3 Be6 17.Nb5 Nd2 18.Qd1 Rf6 19.Rc1 Nbc4 20.Rc2 Rc8 21.b3 Nxe5 22.dxe5
Rxc2 23.exf6 Rc8 24.Nd6 {#r} 1-0

[Event "It (open)"]
[Site "masterchessopen.com – Lugano (Switzerland)"]
[Round "0"]
[White "Medina-Garcia Antonio (ESP)"]
[Black "Braunberger Federico (ITA)"]
[Result "1-0"]
[WhiteElo "2370"]
[BlackElo "2126"]

1.e4 e6 2.d4 d5 3.Nd2 Nc6 4.c3 e5 5.exd5 Qxd5 6.Ngf3 Bg4 7.Bc4 Qd7 8.Qb3 Bxf3
9.Nxf3 exd4 10.O-O Bd6 11.Bxf7+ Qxf7 12.Qxb7 Rd8 13.Qxc6+ Rd7 14.Bg5 Ne7
15.Bxe7 {#r} 1-0

[Event "Ch URS (1 liga) (w)"]
[Site "masterchessopen.com – Yerevan (Armenia)"]
[Round "0"]
[White "Meskhi Tamila (GEO)"]
[Black "Zaitseva Ludmila G (RUS)"]
[Result "1-0"]
[WhiteElo "2145"]
[BlackElo "2352"]

1.e4 e6 2.d4 d5 3.Nd2 a6 4.c3 c5 5.dxc5 Bxc5 6.exd5 exd5 7.Nb3 Be7 8.Nf3 Nf6
9.Bd3 Nc6 10.O-O h6 11.h3 O-O 12.Be3 Re8 13.Qe2 Bd6 14.Rfe1 Ne4 15.Rad1 Qf6
16.Bb1 Be6 17.c4 Ne7 18.cxd5 Bxd5 19.Bd4 Qf4 20.Bxe4 Nc6 21.Be5 Nxe5 22.Rxd5
f5 23.Nxe5 Bxe5 24.g3 Qxe4 25.Qd2 {#r} 1-0

[Event "Ch Italy (w)"]
[Site "masterchessopen.com – Amelia (Italy)"]
[Round "0"]
[White "Gramignani Rita (ITA)"]
[Black "Iacono R"]
[Result "1-0"]
[WhiteElo "2025"]
[BlackElo "1880"]

1.e4 e6 2.d4 d5 3.Nd2 a6 4.e5 c5 5.c3 Nc6 6.Ngf3 Nge7 7.Bd3 cxd4 8.cxd4 Nf5
9.Nb3 Bd7 10.O-O Be7 11.Bd2 Qb6 12.Bc3 O-O 13.a3 h6 14.Bc2 Bd8 15.Nc5 Be8
16.Qd3 Qb5 17.Qxb5 axb5 18.Nxb7 Ra7 19.Nxd8 Nxd8 20.Bxf5 exf5 21.Bb4 {#r} 1-0

[Event "Ch World (juniors) (under 20)"]
[Site "masterchessopen.com – Copenhagen (Denmark)"]
[Round "12"]
[White "Horvath Jozsef_ (HUN)"]
[Black "Luce Sebastien (FRA)"]
[Result "1-0"]
[WhiteElo "2526"]
[BlackElo "2315"]

1.e4 e6 2.d4 d5 3.Nd2 Nc6 4.c3 e5 5.exd5 Qxd5 6.Ngf3 exd4 7.Bc4 Qf5 8.Nxd4
Nxd4 9.cxd4 Be6 10.Qa4+ Bd7 11.Qb3 O-O-O 12.O-O Bd6 13.Nf3 Nh6 14.Bxh6 gxh6
15.Rfe1 Rdf8 16.Ne5 Bxe5 17.Rxe5 Qg4 18.Re7 Rhg8 19.Bd5 c6 20.Bf3 Qf4 21.d5
{#r} 1-0

[Event "Ch World (juniors) (under 20)"]
[Site "masterchessopen.com – Kiljava (Finland)"]
[Date "1984.08.10"]
[Round "7"]
[White "Wolff Patrick G (USA)"]
[Black "Kekki Petri (FIN)"]
[Result "1-0"]
[WhiteElo "2564"]
[BlackElo "2335"]

1.e4 e6 2.d4 d5 3.Nd2 Be7 4.Ngf3 b6 5.c3 dxe4 6.Nxe4 Nf6 7.Bb5+ c6 8.Bd3 Ba6
9.h4 Bxd3 10.Nxf6+ Bxf6 11.Qxd3 h6 12.Bf4 c5 13.Qe4 Nd7 14.O-O-O cxd4 15.g4
Rc8 16.g5 hxg5 17.hxg5 Rxh1 18.Rxh1 Be7 19.g6 dxc3 20.Rh8+ Bf8 21.gxf7+ Ke7
22.Ne5 cxb2+ 23.Kxb2 Nf6 24.Qb7+ Kd6 25.Nc6+ {#r} 1-0

[Event "Ch Europe (juniors) (under 20) (g)"]
[Site "masterchessopen.com – Dobrna (Slovenia)"]
[Round "1"]
[White "Vardi Shlomit (ISR)"]
[Black "Maric Mirjana (SRB)"]
[Result "0-1"]
[WhiteElo "2010"]
[BlackElo "2283"]

1.e4 e6 2.d4 d5 3.Nd2 a6 4.Bd3 c5 5.c3 cxd4 6.Qa4+ Nc6 7.cxd4 Bd7 8.Ngf3 Nb4
9.Qb3 Nxd3+ 10.Qxd3 Bb5 11.Qe3 dxe4 12.Nxe4 Ne7 13.a3 Nf5 14.Qd2 Bc6 15.Ng3
Bxf3 16.Nxf5 Bxg2 17.Nxg7+ Bxg7 18.Rg1 Qd5 19.f4 Bxd4 20.Rxg2 O-O-O {#R} 0-1

[Event "Bundesliga 1984/85"]
[Site "masterchessopen.com – Germany"]
[Round "0"]
[White "Haenisch Uwe (GER)"]
[Black "Brunner Lucas (SUI)"]
[Result "0-1"]
[WhiteElo "2178"]
[BlackElo "2290"]

1.e4 e6 2.d4 d5 3.Nd2 a6 4.c3 c5 5.Ngf3 Nc6 6.dxc5 Bxc5 7.Nb3 Ba7 8.exd5 exd5
9.Be2 Nf6 10.Bg5 O-O 11.O-O Bg4 12.Bxf6 Qxf6 13.Qxd5 Rfe8 14.Rae1 Rad8 15.Qc4
Bh5 16.Nbd2 b5 17.Qb3 Rxd2 18.Nxd2 Rxe2 19.Ne4 Qe5 20.Rxe2 Bxe2 21.Re1 Qxe4
{#R} 0-1

[Event "?"]
[Site "masterchessopen.com – Kolhapur (India)"]
[Round "0"]
[White "Thipsay Praveen M (IND)"]
[Black "Prasad Devaki V (IND)"]
[Result "0-1"]
[WhiteElo "2420"]
[BlackElo "2425"]

1.e4 e6 2.d4 d5 3.Nd2 Nc6 4.c3 dxe4 5.Nxe4 Qd5 6.Nd2 e5 7.Ngf3 exd4 8.Bc4 Qf5
9.Nxd4 Nxd4 10.cxd4 Be6 11.Qa4+ Bd7 12.Qb3 O-O-O 13.O-O Bd6 14.Nf3 f6 15.g3
Ne7 16.d5 h5 17.Nd4 Qh3 18.Nc6 Rde8 19.Nxa7+ Kd8 20.Rd1 h4 21.Bf1 Qf5 22.Bf4
hxg3 23.Bxg3 Rxh2 24.Bg2 Rxg2+ 25.Kxg2 Qe4+ {#R} 0-1

[Event "It (open)"]
[Site "masterchessopen.com – Bargteheide (Germany)"]
[Round "0"]
[White "Putzbach Gerd (GER)"]
[Black "Wollenweber Carsten (GER)"]
[Result "1-0"]
[WhiteElo "2234"]
[BlackElo "2112"]

1.e4 e6 2.d4 d5 3.Nd2 f5 4.exf5 exf5 5.Bd3 Nf6 6.Ne2 Bd6 7.Nf3 O-O 8.O-O Nc6
9.c3 Ne4 10.Bf4 Ne7 11.Bxd6 Qxd6 12.Ne5 c5 13.f3 Ng5 14.Qd2 Ne6 15.f4 b6
16.Rad1 c4 17.Bc2 Bd7 18.Rde1 Nc7 19.Ng3 Rae8 20.Re3 Ng6 21.Qe2 Re7 22.Qh5
Nxe5 23.fxe5 Qg6 24.Nxf5 Ref7 25.Ne7+ {#r} 1-0

[Event "Ch Europe (team)"]
[Site "masterchessopen.com – Haifa (Israel)"]
[Round "0"]
[White "Lawson David (SCO)"]
[Black "Landenbergue Claude (SUI)"]
[Result "0-1"]
[WhiteElo "2252"]
[BlackElo "2397"]

1.e4 e6 2.d4 d5 3.Nd2 Nc6 4.c3 e5 5.exd5 Qxd5 6.Ngf3 exd4 7.Bc4 Qh5 8.O-O Be6
9.Qb3 O-O-O 10.Bxe6+ fxe6 11.cxd4 Nf6 12.Ne4 Rd5 13.Re1 Nxe4 14.Rxe4 Bd6 15.h3
Rf8 16.Rxe6 Rdf5 17.g4 Qxh3 18.gxf5 Nxd4 19.Ng5 Qh2+ 20.Kf1 {#R} 0-1

[Event "Ch Hamburg (open) (juniors) (under 20)"]
[Site "masterchessopen.com – Hamburg (Germany)"]
[Round "0"]
[White "Stenner Patrick (GER)"]
[Black "Schmid Guenter (GER)"]
[Result "1-0"]
[WhiteElo "2256"]
[BlackElo "2315"]

1.e4 e6 2.d4 d5 3.Nd2 Nc6 4.c3 e5 5.exd5 Qxd5 6.Ngf3 Bg4 7.Bc4 Qd7 8.dxe5
O-O-O 9.Qa4 Bc5 10.O-O f6 11.Bb5 Nge7 12.b4 Bb6 13.c4 Bd4 14.Nxd4 Qxd4 15.Nb3
Qxe5 16.Bxc6 Nxc6 17.b5 Nd4 18.Nxd4 Qxd4 19.Be3 {#r} 1-0

[Event "It (open)"]
[Site "masterchessopen.com – Mendrisio (Switzerland)"]
[Round "2"]
[White "Haerri Adrian (SUI)"]
[Black "Leuba Didier (SUI)"]
[Result "0-1"]
[WhiteElo "1961"]
[BlackElo "2219"]

1.d4 e6 2.e4 d5 3.Nd2 Be7 4.e5 c5 5.c3 Nc6 6.Nb3 cxd4 7.cxd4 Qb6 8.Ne2 f6 9.f4
Nh6 10.g3 O-O 11.Bh3 fxe5 12.fxe5 Nxe5 13.Nf4 Bb4+ 14.Ke2 Qa6+ 15.Nd3 Nxd3
16.Qxd3 Rf2+ {#R} 0-1

[Event "Tournament (FMDA)"]
[Site "masterchessopen.com – Buenos Aires (Argentina)"]
[Round "7"]
[White "Peralta Eduardo (PAR)"]
[Black "Del Rey Diego (ESP)"]
[Result "1-0"]
[WhiteElo "2228"]
[BlackElo "2371"]

1.e4 e6 2.d4 d5 3.Nd2 Be7 4.Bd3 Nc6 5.c3 dxe4 6.Nxe4 Nf6 7.Nf3 O-O 8.O-O b6
9.Qe2 Bb7 10.Ng3 Re8 11.Re1 Qc8 12.b4 Nb8 13.Ne5 c5 14.bxc5 bxc5 15.Bg5 h6
16.Bxf6 Bxf6 17.Nh5 Bd8 18.Qg4 g5 19.Ng3 Qc7 20.Qh5 Kg7 21.Rab1 Bc6 22.Ne4 Rf8
23.Nxc5 Re8 24.Nxc6 Nxc6 25.Rb7 {#r} 1-0

[Event "It (open)"]
[Site "masterchessopen.com – Pula (Croatia)"]
[Round "6"]
[White "Zivanovic Goran (SRB)"]
[Black "Kosanovic Dragan (SRB)"]
[Result "0-1"]
[WhiteElo "2230"]
[BlackElo "2344"]

1.e4 e6 2.d4 d5 3.Nd2 Nc6 4.c3 e5 5.Bb5 exd4 6.cxd4 dxe4 7.Nxe4 Qd5 8.Qe2 Bb4+
9.Nc3+ Ne7 10.Nf3 O-O 11.O-O Qh5 12.Ne5 Qh4 13.Bxc6 Nxc6 14.Nxc6 bxc6 15.Ne4
Bf5 16.Bg5 Qxe4 17.Qc4 Bd6 18.Rac1 Be6 19.Qc3 Qg6 20.f4 Bd5 21.Rc2 Rfe8 22.Bh4
Qg4 23.Bg3 Re2 24.Rxe2 Qxe2 {#R} 0-1

[Event "Ch Denmark (juniors)"]
[Site "masterchessopen.com – Aalborg (Denmark)"]
[Round "7"]
[White "Ronneland Daniel (SWE)"]
[Black "Petersen Soren Boeck (DEN)"]
[Result "1-0"]
[WhiteElo "2263"]
[BlackElo "2275"]

1.e4 e6 2.d4 d5 3.Nd2 f5 4.exd5 exd5 5.Bd3 Nf6 6.Ngf3 Bd6 7.O-O O-O 8.c4 c6
9.Ne5 Nbd7 10.f4 Ne4 11.cxd5 Nxd2 12.Bxd2 Qb6 13.Nc4 Qxd4+ 14.Be3 {#r} 1-0

[Event "It (open) \"]
[Site "masterchessopen.com – Bratislava (Slovakia)"]
[Round "9"]
[White "Novak Stanislav (SVK)"]
[Black "Komora Andrej (SVK)"]
[Result "1-0"]
[WhiteElo "1978"]
[BlackElo "2314"]

1.e4 e6 2.d4 d5 3.Nd2 Nc6 4.c3 Nf6 5.e5 Nd7 6.Bd3 Be7 7.f4 O-O 8.Ngf3 f6 9.h4
f5 10.Ng5 Nb6 11.Qh5 h6 12.Qg6 hxg5 13.hxg5 Bxg5 14.fxg5 Ne7 15.Qh5 Qe8
16.Qh7+ Kf7 17.Be2 {#r} 1-0

[Event "Ch Hungary (team)"]
[Site "masterchessopen.com – Hungary"]
[Round "14"]
[White "Csoke Adrienn (HUN)"]
[Black "Tamas Norbert (HUN)"]
[Result "1-0"]
[WhiteElo "2097"]
[BlackElo "2223"]

1.e4 e6 2.d4 d5 3.Nd2 a6 4.Ngf3 Bd7 5.Bd3 Bb5 6.O-O Bxd3 7.cxd3 Nf6 8.Re1 Be7
9.Nf1 O-O 10.Bg5 Re8 11.Qb3 dxe4 12.dxe4 Qc8 13.Rac1 Nc6 14.d5 exd5 15.exd5
Na7 16.Bxf6 gxf6 17.Ne3 Nb5 18.Nh4 Nd6 19.Qc2 Bd8 20.Nef5 Rxe1+ 21.Rxe1 Qd7
22.Qd3 Nxf5 23.Nxf5 Kh8 24.Qg3 {#r} 1-0